|
|
|
|
| LEADER |
00000cam a2200000 a 4500 |
| 001 |
vtls008379997 |
| 003 |
SK-MaSNL |
| 005 |
20260301020922.0 |
| 008 |
250313s1939 xo g h 000 0dslo |
| 015 |
|
|
|a SNBA19391941-000751
|
| 020 |
|
|
|q (brožované)
|
| 035 |
|
|
|a SK01SNKBKSD120010072214
|
| 035 |
|
|
|a urn:nbn:sk:snk-am3is6l
|
| 035 |
|
|
|a BF298FB4-D11B-409A-A2CC-54A09A198750
|
| 035 |
|
|
|a urn:nbn:sk:snk-am00ffti
|
| 035 |
|
|
|a SKM000074677
|
| 040 |
|
|
|a SNK
|b slo
|c SNK
|e AACR2
|
| 041 |
0 |
|
|a slo
|
| 044 |
|
|
|a xo
|c SK
|
| 072 |
|
7 |
|a 821.162.4
|x Slovenská literatúra
|2 konspekt
|
| 072 |
|
7 |
|a 929
|x Biografie
|2 konspekt
|
| 080 |
|
|
|a 821.162.4
|2 2011
|
| 080 |
|
|
|a 821.162.4-051
|2 2011
|
| 080 |
|
|
|a (092)
|2 2011
|
| 100 |
1 |
|
|a Kostolný, Andrej,
|d 1903-1984
|4 aut
|9 107345
|
| 245 |
1 |
0 |
|a O Hviezdoslavovej tvorbe
|c Andrej Kostolný
|
| 260 |
|
|
|a Bratislava
|b Universum
|c 1939
|
| 300 |
|
|
|a 246 strán
|c 22 cm
|
| 366 |
|
|
|e 1000 kusov
|
| 500 |
|
|
|a Frontispice
|
| 600 |
1 |
7 |
|a Hviezdoslav, Pavol Országh,
|d 1849-1921
|2 SNKMA
|9 92721
|
| 648 |
|
7 |
|a 19.- 20. storočie
|2 SNKPH
|9 309047
|
| 650 |
0 |
7 |
|a slovenská literatúra
|2 SNKPH
|9 1115
|
| 650 |
0 |
7 |
|a slovenskí spisovatelia
|2 SNKPH
|9 1258
|
| 655 |
|
7 |
|a biografie
|2 SNKPH
|9 27965
|
| 852 |
|
|
|a Slovenská národná knižnica
|
| 958 |
|
|
|a RK
|
| 958 |
|
|
|a TL
|
| 958 |
|
|
|a BX
|
| 958 |
|
|
|a OND
|
| 999 |
|
|
|c 564113
|d 566043
|
| 952 |
|
|
|t P60, <04>, [BOOK], {604}
|a SNK
|b SNK
|y VYP
|7 0
|p 17A0701026
|o snkSC 16880 D1
|i snkK 2092/68
|8 3
|0 0
|1 0
|4 0
|d 1997-01-10
|l 0
|r 2005-01-01 00:00:00
|w 2026-02-23
|
| 952 |
|
|
|a SNK
|b SNK
|y PREZ
|7 0
|p 17A0874719
|o snkSC 16880
|i snkK 2003/62
|8 3
|0 0
|1 0
|4 0
|d 2020-09-10
|f 1
|l 0
|r 2025-07-18 00:00:00
|w 2026-02-23
|